00853nam a2200289Ia 4500008004100000020001800041100001800059245001300077245004100090245002400131260001500155260002000170260000900190300001600199300003800215300001000253500002000263650002000283650003500303650003100338650002500369650002500394650002500419700000900444999001900453952009100472160803s9999 xx 000 0 und d a9780439160278 aEarle, Sylvia aDive! :  bmy adventures in the deep frontier / cby Sylvia A. Earle. aNew York : bScholastic Inc. c1999 a64 pages :  bcolor illustrations, color map ;  c29 cm aIncludes index. aDeep diving --  aEarle, Sylvia A., -- 1935- --  aUnderwater exploration --  xJuvenile literature. xJuvenile literature. xJuvenile literature. a1230 c298865d298865 001040aSSISBbSSISBcLEXd2016-08-03l0pSC-791r2016-08-03 00:00:00w2016-08-03yBK